Online Catalogue and eLibrary

Philip Gunawardena : (Record no. 5957)

MARC details
000 -LEADER
fixed length control field 00564cam a2200181 a 4500
001 - CONTROL NUMBER
control field 12549503
005 - DATE AND TIME OF LATEST TRANSACTION
control field 20250123004811.0
008 - FIXED-LENGTH DATA ELEMENTS--GENERAL INFORMATION
fixed length control field 010620s2001 ce b 000 0beng
020 ## - INTERNATIONAL STANDARD BOOK NUMBER
ISBN 9559102346
040 ## - CATALOGING SOURCE (பட்டியலாக்க மூலம்)
Original cataloging agency DLC
Transcribing agency DLC
Modifying agency DLC
082 ## - DDC Classification
DDC Edition Number 22
Class No. 920
Item Number - Author Mark CHA
100 1# - MAIN ENTRY--PERSONAL NAME
Personal name Ervin, Charles Wesley.
245 10 - TITLE STATEMENT
Title Philip Gunawardena :
Remainder of title the making of a revolutionary /
Statement of responsibility, etc. Charles Wesley Ervin ; [with an introduction by Hector Abhayavardhana].
260 ## - PUBLICATION, DISTRIBUTION, ETC.
Place of publication, distribution, etc. Colombo :
Name of publisher, distributor, etc. Social Scientists' Association,
Date of publication, distribution, etc. 2001.
300 ## - PHYSICAL DESCRIPTION
Extent (e.g. Volumes, Pages etc.) iv, 35 p. ;
650 #0 - SUBJECT ADDED ENTRY--TOPICAL TERM
Topical term or geographic name entry element Politicians
942 ## - Koha item type (Biblio)
Koha item type Books in Stacks (Lending)
Holdings
Lost status Damaged status Collection code Home library Current library Date acquired Full call number Accession Number Item type
    Lending WERC Library WERC Library 01/23/2025 920 CHA 920 Books in Stacks (Lending)

© WERC Library